SİN SARI İSTİLA (Record no. 1194847)

MARC details
000 -LEADER
sabit uzunluktaki kontrol alanı 00241nam a2200097Ia 4500
001 - KONTROL NUMARASI
kontrol alanı 1194847
005 - EN SON İŞLEMİN TARİH VE ZAMANI
kontrol alanı 20250827021736.0
008 - SABİT-UZUNLUKTA VERİ ÖĞELERİ--GENEL BİLGİ
sabit uzunluktaki kontrol alanı 250824s9999 xx 000 0 und d
245 #0 - ESER / YAZAR
ESER ADI SİN SARI İSTİLA
Yazar Adı ORKUN UÇAR
260 ## - YAYIN, DAĞITIM, VB.
YAYIN EVİ ALTIN KİTAPLAR
Holdings
Düşüm durumu Kayıp durumu Hasar Durumu Ödünç verilmez Ana kütüphane Geçerli Kütüphane Edinilen tarih Toplam ödünç verme sayısı Barkod Son görüntüleme tarihi Fiyatın geçerli olmaya başladığı tarih Koha materyal türü
        MAHMUT SAMİ RAZAMANOĞLU KIZ İMAM HATİP LİSESİ MAHMUT SAMİ RAZAMANOĞLU KIZ İMAM HATİP LİSESİ 24.08.2025   110010840 27.08.2025 27.08.2025 Books